000 00735nam a2200253Ia 4500
003 OSt
005 20221005062953.0
006 a|||||r|||| 00| 0
007 ta
008 221004b |||||||| |||| 00| 0 eng d
020 _a0262011905 (hbk)
024 _a122216
037 _bGift, 26/10/2012,
_cTextual
040 _aCRL
_cCRL
_beng
041 _2eng
_aeng
082 _aX9(F):51, P1
100 _aArora Ashish
_9583361
245 0 _aMarkets for technology
_b Economics of innovation and corporate strategy
260 _aLondon
_bThe MIT Press UK
_c2001
300 _axi,338p.
_ccm.
650 _aECONOMICS
942 _hX9(F):51, P1
_cTEXL
_2cc
999 _c970640
_d970640